| 000 -LEADER |
| fixed length control field |
01234nam a22003497a 4500 |
| 001 - CONTROL NUMBER |
| control field |
1004052 |
| 003 - CONTROL NUMBER IDENTIFIER |
| control field |
OSt |
| 005 - DATE AND TIME OF LATEST TRANSACTION |
| control field |
20210426120229.0 |
| 008 - FIXED-LENGTH DATA ELEMENTS--GENERAL INFORMATION |
| fixed length control field |
870304s1987 nyuacf 001 0aeng |
| 010 ## - LIBRARY OF CONGRESS CONTROL NUMBER |
| LC control number |
87004805 |
| 020 ## - INTERNATIONAL STANDARD BOOK NUMBER |
| International Standard Book Number |
0394552016 |
| 040 ## - CATALOGING SOURCE |
| Original cataloging agency |
DLC |
| Transcribing agency |
DLC |
| Modifying agency |
DLC |
| 043 ## - GEOGRAPHIC AREA CODE |
| Geographic area code |
n-us--- |
| 050 00 - LIBRARY OF CONGRESS CALL NUMBER |
| Classification number |
E840.8.O54 |
| Item number |
A3 1987 |
| 080 ## - UNIVERSAL DECIMAL CLASSIFICATION NUMBER |
| Universal Decimal Classification number |
92 |
| Item number |
N-89 |
| 082 00 - DEWEY DECIMAL CLASSIFICATION NUMBER |
| Classification number |
328.73/092/4 |
| -- |
B |
| Edition number |
19 |
| 100 1# - MAIN ENTRY--PERSONAL NAME |
| Personal name |
O'Neill, Tip. |
| 245 10 - TITLE STATEMENT |
| Title |
Man of the House : |
| Remainder of title |
the life and political memoirs of Speaker Tip O'Neill / |
| Statement of responsibility, etc. |
with William Novak. |
| 250 ## - EDITION STATEMENT |
| Edition statement |
1st ed. |
| 260 ## - PUBLICATION, DISTRIBUTION, ETC. |
| Place of publication, distribution, etc. |
New York : |
| Name of publisher, distributor, etc. |
Random House, |
| Date of publication, distribution, etc. |
c1987. |
| 300 ## - PHYSICAL DESCRIPTION |
| Extent |
viii, 387 p., [16] p. of plates : |
| Other physical details |
ill., ports. ; |
| Dimensions |
24 cm. |
| 500 ## - GENERAL NOTE |
| General note |
First ed. also issued in specially bound copies. This copy has handwritten note "out of series" followed by author's signature"--1st prelim. page. |
| 500 ## - GENERAL NOTE |
| General note |
Includes index. |
| 600 10 - SUBJECT ADDED ENTRY--PERSONAL NAME |
| Personal name |
O'Neill, Tip. |
| 610 10 - SUBJECT ADDED ENTRY--CORPORATE NAME |
| Corporate name or jurisdiction name as entry element |
United States. |
| Subordinate unit |
Congress. |
| -- |
House |
| General subdivision |
Biography. |
| 650 #0 - SUBJECT ADDED ENTRY--TOPICAL TERM |
| Topical term or geographic name entry element |
Legislators |
| Geographic subdivision |
United States |
| General subdivision |
Biography. |
| 651 #0 - SUBJECT ADDED ENTRY--GEOGRAPHIC NAME |
| Geographic name |
United States |
| General subdivision |
Politics and government |
| Chronological subdivision |
1945-1989. |
| 653 ## - INDEX TERM--UNCONTROLLED |
| Uncontrolled term |
ბიოგრაფია |
| 700 1# - ADDED ENTRY--PERSONAL NAME |
| Personal name |
Novak, William. |
| 906 ## - LOCAL DATA ELEMENT F, LDF (RLIN) |
| a |
7 |
| b |
cbc |
| c |
orignew |
| d |
1 |
| e |
ocip |
| f |
19 |
| g |
y-gencatlg |
| 942 ## - ADDED ENTRY ELEMENTS (KOHA) |
| Source of classification or shelving scheme |
|
| Koha item type |
Books |